|
|
|
|
| LEADER |
00000nam a2200000 a 4500 |
| 001 |
UCV9812 |
| 003 |
CL-VaPUC |
| 008 |
930518e19620000SP |||||||||||||||||spa|d |
| 082 |
0 |
4 |
|a 732
|b SCH
|2 21
|
| 100 |
0 |
|
|a Schmitz, Carl A
|e author
|9 303819
|
| 245 |
1 |
3 |
|a La escultura de Oceanía: escultura Melanesia
|
| 300 |
|
|
|a 32 p
|
| 942 |
|
|
|c BK
|
| 945 |
|
|
|d 19930518 00:00:00
|
| 260 |
|
|
|a Barcelona
|b Noguer
|c 1962
|
| 650 |
|
7 |
|a ESCULTURA ANTIGUA
|2 CL-VaPUC
|9 268751
|
| 583 |
|
|
|a last modification
|c 19930518 00:00:00
|k Rodrigo Vera
|
| 999 |
|
|
|c 215098
|d 215096
|
| 952 |
|
|
|0 0
|1 0
|4 0
|6 732_000000000000000_SCH_1962
|7 0
|8 A
|9 199071
|a BIBARQ
|b BIBARQ
|d 2019-11-14
|i 2663961
|o 732 SCH 1962
|p 2663961
|r 2025-01-20
|w 2019-11-14
|y BK
|k ARQ
|